| 000 | 00350 a2200121 4500 | ||
|---|---|---|---|
| 001 | ART_33796 | ||
| 005 | 20260410161707.0 | ||
| 008 | 260409a | ||
| 245 | 1 | 0 | _aDenuncia penal de delitos tributarios |
| 100 | 1 | _aRobiglio, Carolina L. | |
| 700 | 1 | _aTelias, Sara Diana | |
| 773 | 0 |
_tRevista Impuestos _g- NÂș 15 (ago. 2006) _wREV639 |
|
| 999 |
_c15761 _d15761 |
||